HGGSP : Faire la guerre, faire la paix. - Statistiques

Statistiques générales
  • Ce quiz a été pris 4 306 fois
    3 447 depuis la dernière actualisation
  • Le résultat moyen est 45 sur 151
Statistiques - réponses
Question Réponse % Correct
VRAI ou FAUX : Il y a plus de guerre aujourd'hui qu'au XIXe siècle. Faux / Non
89%
Inter - Intra - Asymétrique : Comment peut-on qualifier la Première Guerre mondiale ? Interétatique
86%
Inter - Intra - Asymétrique : Comment peut-on qualifier les guerres du golfe ? Asymétrique
85%
Inter - Intra - Asymétrique : à quel type de conflit correspond cette définition ? Etat contre un acteur non conventionnel (milices, groupes terroristes, civils armés) avec moins de capacité. Asymétrique
84%
Quel théoricien de la guerre du XIXe siècle apporte une nouvelle vision de voir les conflits ? Clausewitz
84%
Inter - Intra - Asymétrique : à quel type de conflit correspond cette définition ? Etat central vs Etat dissident au sein d'un même territoire. Intraétatique
84%
Inter - Intra - Asymétrique : à quel type de conflit correspond cette définition ? Etat ou coalition d'états contre Etat ou coalition d'état. Interétatique
83%
Inter - Intra - Asymétrique : Comment peut-on qualifier la guerre de sécession ? Intraétatique
83%
Aujourd'hui quelle organisation est chargée de veiller à la paix mondiale ? ONU / Organisation Nations Unies
81%
a-t-il vécu cette guerre ? (oui ou non) Non
73%
Quel est le nom de son ouvrage ? De la guerre
72%
Négociation - Intervention extérieure - Victoire : Comment expliquer grandement cette "paix" ? Seconde Guerre mondiale. Victoire
72%
Négociation - Intervention extérieure - Victoire : Comment expliquer grandement cette "paix" ? Guerre d'Algérie. Négociation
71%
Négociation - Intervention extérieure - Victoire : Comment expliquer grandement cette "paix" ? Guerre de Bosnie. Intervention extérieure
64%
Première ou Seconde Guerre mondiale : Laquelle fait le plus de conflit? Seconde Guerre mondiale
61%
VRAI ou FAUX : L'utilisation de l'attentat est contraire à la pensée Clausewitzienne de la guerre. Faux
60%
Quel adjectif, basé sur le mot latin bellum, peut être utilisé pour parler d'une puissance engagée dans un conflit ? Belligérant
59%
A-t-il participé à ce conflit ? (oui ou non) Oui
55%
Qui est Président en France lors des attaques du 13 novembre 2015 ? François Hollande
54%
Officiellement dans cette optique, quel pays est envahi en 2003 ? Irak
54%
VRAI ou FAUX : Cette guerre reste une guerre civile. Faux
53%
VRAI ou FAUX : Le respect des droits des prisonniers a été respecté par les occidentaux lors de cette guerre contre le terrorisme. Faux
53%
VRAI ou FAUX : Cela respecte la pensée de Clausewitz. Vrai
53%
Quand a lieu l'attentat du world trade center ? 11 septembre 2001
51%
Si ces traités sont novateurs par la prise en compte des différents acteurs, cela signifie-t-il un retour de la paix en Europe ? (OUI ou NON) Non
51%
VRAI ou FAUX : Cette invitation permet la mise en place d'une paix positive ? Faux
50%
Quels traités de la milieu du XVIIe siècle sont des premiers jalons d'une concertation internationale pour sortir de la guerre ? Westphalie
49%
Quel état perd ses colonies d'Amérique du nord à la sortie de ce conflit ? France
48%
Quelle organisation lui succède en 1945 en gardant les mêmes principes de paix par sécurité collective ? ONU
48%
Quel état, principal acteur de la guerre, est invité à ce traité malgré son statut de "perdant" ? Allemagne
47%
Quelles sont les deux types de guerre pour cet auteur ? Limitée/réelle et Absolue
47%
Quand a lieu le traité de Versailles ? 1919
46%
Comment qualifie-t-on une paix qui maintient les tensions entre les acteurs concernés ? Négative / Paix négative
46%
Quelle organisation voit le jour à la sortie de cette guerre ? Société Des Nations
46%
En quelle année exactement ? 1648
45%
Quel président américain déclare alors la guerre au terrorisme ? Bush
45%
Quels sont les cinq membres permanent de ce conseil ? (à la création) -Chine -France -Royaume-Uni -URSS(Russie) -USA
44%
Quelle organisation, fondée vers 1987, participe à l'essor de cette idéologie ? Al-Qaïda
43%
Qui est l'un des fondateurs de cette organisation ? Oussama Ben Laden
43%
Ces membres possèdent un droit à la base de l'existence de l'organisation. Quel est ce droit ? droit de véto / véto
42%
Quelle ville, trois fois saintes, est au coeur des tensions dans la région ? Jérusalem
42%
à quel conflit majeur de l'Europe moderne, impliquant les puissances du continent, ces traités mettent-ils fin ? Guerre de trente ans
41%
Dans quel pays, touché par une guerre civile à partir de 2011, cette organisation de développe-t-elle ? Syrie
41%
Quelle organisation terroriste appairait alors dans ce pays en 2006 ? Daech
40%
Quel peuple est majoritaire au Moyen-Orient ? Arabe
39%
PROCHE ou MOYEN ORIENT : Quelle expression a une origine française ? (tandis que l'autre est anglo-saxonne) Proche-orient
39%
Quelles sont les dates de ce conflit ? 1756 - 1763
38%
à l'inverse, sur quelles guerres s'appuie-t-il pour construire sa pensée du deuxième type de conflit ? (Volonté d'anéantir l'adversaire et pas simplement obtenir la victoire). guerres napoléoniennes
38%
Malgré les limites, dues à l'enchèvetrement d'acteur et la complexté de la guerre, faut-il supprimer cette organisation selon le géopolitologue Pascal Boniface ? (OUI ou NON) Non
37%
Quand se termine ces guerres ? 1815
36%
Quand est proclamée la naissance de l'état d'Israel ? 1948
36%
Quel homme politique essaie de réaffirmer la place de l'organisation entre 1997 et 2006 ? Kofi Annan
36%
Quel prix remporte-t-il en 2001 ? Prix nobel de la paix
36%
Pour lui, quelle guerre correspond à un conflit proportionné des moyens disponibles ? (Premier type de guerre selon la question précédente). guerre de sept ans.
35%
Quel est le seul état majoritairement non-musulman de cet espace ? Israël
35%
Quel état d'Europe central s'affirme lors de ce conflit ? Prusse
35%
Quel canal important se situe dans cet espace ? Suez
35%
Qui remporte cette première guerre israélo-arabe ? Israel
33%
Malgré des critiques, à quelle puissance ne peut-il pas s'opposer en 2003, événement mettant en lumière les fragilités de l'organisation ? USA
33%
Quel état intègre cette organisation en 1926 avant de la quitter en 1933? Allemagne
32%
Quel organe au sein de cette organisation est central ? Conseil de sécurité
32%
Ceci est-il un succès ? (OUI ou NON) Non
31%
Quelle bataille décisive a lieu cette année-là ? Waterloo
31%
Cela s'explique par l'importance de l'idéologie dans ce conflit. Qui est la cible majoritaire de ces violences ? civil
30%
Cet accord est-il un succès ? (OUI ou NON) Non
30%
Quel mot peut être utilisé pour désigner une situation intermédiaire entre paix et guerre ouverte ? Conflictualité
28%
Quel congrès reprend ces différents principes à la sortie des guerres napoléoniennes ? Congrès de Vienne
28%
VRAI ou FAUX : Le leader irakien est alors chassé du pouvoir à la suite de cette réponse internationale. Faux
28%
Quelle idéologie, se propageant dans les années 1980, altère cette pensée de l'attentat ? Islamisme
28%
Quelle autre ville sainte de la région accueille annuellement un important pèlerinage ? La Mecque
26%
Quel état arabe est en partie occupée par Israël au sein du Sinaï ? Egypte
25%
Quel événement, en 1991, permet le retour au premier plan de l'organisation ? Dislocation URSS
24%
Quelle puissance du conseil de sécurité s'oppose aux USA après le projet d'invasion en 2003 ? France
24%
Quelle "guerre" vient cependant entraver le fonctionnement de l'organisation ? Guerre froide
24%
Quelle puissance patronne cet accord ? USA
24%
Quel pays mène alors une coalition internationale nommée "Bouclier du désert" puis "tempête du désert" ? USA
24%
Quand a lieu la guerre des six jours ? 1967
22%
Contre quelle puissance la France est-elle encore en guerre ? Espagne
22%
Comment appelle-t-on les insurrections spontanées palestiniennes ? Intifada
22%
Quel leader irakien rencontre-t-il en 1998 afin d'apaiser les tensions entre cet état et les USA ? Saddam Hussein
22%
La naissance de pays marque l'aboutissement d'un processus élaborée depuis 1896. à quelle idéologie cela correspond-il ? sionnisme
22%
Quand sont signés les accords d'Oslo ? 1993
21%
De quoi se dote cette organisation afin d'éviter les faiblesses l'entité précédente ? casques bleus
21%
Suite à cette guerre sans succès, quel état l'Irak attaque-t-il en 1990 pour récupérer une manne pétrolière ? Koweït
21%
Quel président américain, malgré la non-présence des USA, avait milité pour cette création ? Woodrow Wilson
21%
Quel pays s'engage à soutenir la demande des hébreux en échange d'un soutien pendant la Première Guerre mondiale ? Royaume-Uni
20%
Lors de ces traités, l'accent est mis sur l'équilibre des puissances. Il y a une volonté d'empêcher ... (mot commençant par un h) hégémonie
19%
Sur quelle "minorité", présente dans différents pays du moyen-orient, s'est appuyé la communauté internationale pour mener la guerre ? Kurde
19%
Quel pays dominait alors ce territoire ? Royaume-Uni
19%
Qui représente la Palestine ? Yasser Arafat
19%
Quel peuple refuse le partage de 1947 se considérant bafoué dans son droit et dans sa terre ? Arabe
18%
Quels accords sont alors signés entre cet etat arabe et Israël en 1978 ? Camp David
18%
Qui en est le "fondateur" ? David Ben Gourion
18%
Quelle prison militaire américaine symbolise cela ? Guantanamo
18%
Dans le contexte de quelle guerre cette organisation voit-elle le jour ? Guerre d’Afghanistan
18%
Quelle guerre cette invasion déclenche-t-elle ? Guerre du gofle
18%
De ce fait, comment peut-on qualifiée cette guerre ? mondiale
18%
Quelle expression utilise-t-on pour désigner l'ordre international à la sortie de ce traité ? Système Westphalien
18%
En quelle année ? 1973
17%
Qu'arrive-t-il alors au premier ministre israélien ? Assassinat
17%
Quel pays, membre de l'organisation, est envahi par l'Italie à partir de 1936 ? Ethiopie
17%
Quel nom arabe donne-t-on a la migration des peuples palestiniens à la suite de ce conflit ? Nakba
17%
Quel sentiment, doctrine, émergeant au XVIIIe et XIXe siècle explique cette violence nouvelle ? nationalisme
17%
Quel détroit, permettant de rejoindre le golfe persique (Iran - Arabie Saoudite) est au cœur des tensions ? Ormuz
17%
Environ quel pourcentage de la population y est musulmane ? 20%
16%
Lors de quelle guerre cette organisation entre-elle en action 1950 ? Guerre de Corée
16%
Quel processus, en cours notamment au XIXe siècle, permet le perfectionnement des armes et le passage à une guerre moderne ? Industrialisation
16%
Quel pays du Moyen-Orient, alors en pleine révolution, attaque-t-il dès 1980 ? Iran
16%
Qui s'impose rapidement comme le leader de ce parti ? Saddam Hussein
16%
Cite l'une des limites de cette organisation. Absence état important - Pacifisme pays occidentaux - absence armée
15%
Sur quelle forme de guerre s'appuient-ils pour mener leurs actions ? guérilla
15%
Quelle ressource, exportée par ces états, est vitale à l'économie mondiale ? hydrocarbure
15%
Qui est alors au pouvoir ? Bachar el Assad
14%
Dès lors, on passe de "guerres israélo-arabes" à "conflit israélo-palestinien". Quel acteur incarne alors la Palestine ? OLP
14%
Par quelle guerre cet état essaie-t-il de récupérer ses territoires ? Guerre du Kippour
13%
Ce retour de l'organisation n'empêche pas les massacres. Lequel a lieu en 1995 malgré la présence des militaires ? Srebrenica
13%
Qui représente Israël ? Yitzhak Rabin
13%
Après la guerre, les guerres deviennent majoritairement intraétatiques; notamment dans les états issus de la décolonisation. Quelles sont les dates de la guerre d'Indochine ? 1946-1954
12%
Quelle est la date de la première ? 1987
12%
Dans le même temps, à quel peuple ce même état fait-il miroiter la même revendication ? Arabe
12%
Quel autre courant de l'Islam est quand a lui partagé par plus de 200 millions de croyant dans cet espace ? Sunnisme
12%
Traditionnellement, quels sont limites d'Est en Ouest du Moyen-Orient ? Egypte - Pakistan
11%
En quelle année émerge le Hamas ? 1987
10%
Quelle organisation (sigle attendu) est au coeur de la gestion de cette ressource ? OPEP
9%
Quel penseur théorise cela dans son livre "l'état des Juifs" ? Théodor Herzl
9%
Quelle est la date de la "Toussaint rouge" en Algérie ? 1er novembre 1954
8%
Quel est la religion majoritaire de ce peuple ? Chiisme
8%
Qui dit "on ne se bat jamais, paradoxalement, que pour engendrer la paix" ? Clausewitz
8%
Quel droit essaie-t-il d'instaurer afin de venir en aide aux populations et non au territoire ? Ingérence
8%
Quand est fondée la ligue arabe ? 1945
6%
Quelles puissances mondiales s'affrontent en Europe et en Amérique lors de ce conflit ? Angleterre et France
6%
Quel parti politique prend le pouvoir en Irak dans les années 60 ? Baas
6%
Quelles villes d'Afrique de l'Est subit un attentat en 1998 par cette organisation ? Dar es Salaam - Nairobi
6%
Quelle attitude politique prône-t-il afin de résoudre les conflits ? Multilatéralisme
6%
Quel auteur questionne cette pensée dans son ouvrage Transformation of war en 1991 ? Van Creveld
6%
Quelle pratique israélienne est notamment critiquée ? Colonisation
5%
Quelle bataille de 1758 fait plus de 30 000 morts mais permet à cet état de s'affirmer ? Zorndorf
5%
Quand accède-t-il au poste de président de la République d'Irak ? 1979
4%
Malgré cette entrave, quelle doctrine empêche la résurgence d'un nouveau conflit après 1949 ? équilibre de la terreur
4%
à partir des années 1990, le maintien de la paix se couple à l'idée de "construction de la paix". Dans quel pays intervient l'organisation pour administrer provisoirement l'état entre 1993 et 1996 ? Haiti
3%
Quelle locution latine met en avant cette idée de paix armée ? Si vis pacem, para bellum
3%
Quel historien parle de "première guerre totale" pour désigner ces conflits ? David Bell
2%
Commence alors l'Alya, un mouvement de migration vers les terres autour de Jérusalem. à qui appartient la ville à cette époque ? Empire ottoman
2%
Cela remet en question la vision antique de la guerre, pensée également par l'américain Walzer. Quelle est cette notion ? guerre juste
2%
à quel animal est associé le territoire palestinien en cisjordanie ? (Peau de ...) léopard
2%
Complétez cette citation tirée de cet ouvrage : La guerre n’est rien d’autre qu’une continuation des relations politiques par l’immixtion d’autres moyens.
1%
Quelle processus cette invasion provoque-t-elle ? débaasification
1%
Quelle partie de Jérusalem Israël annexe-t-il ? Est (Jérusalem-Est)
1%
Lors de quel différend cette organisation obtient-elle un succès en 1925 ? gréco-bulgare
1%
Qui arrive ensuite en seconde position ? Perse (Iranien)
1%
Quel historien a écrit au sujet de ce traité : "Comment la France a perdu la paix ?" ? Soutou
1%
Aucun quiz correspondant
Distribution des résultats
% des personnes avec chaque résultat
Percentile par nombre de réponses
Votre historique - résultats
Vous n’avez pas pris ce quiz depuis la dernière actualisation